| 000 | 00533nam a22001697a 4500 | ||
|---|---|---|---|
| 005 | 20251108172643.0 | ||
| 008 | 250721s1988 xx 000 0 ara d | ||
| 082 | 1 | 4 | _aم/213.231/عجم |
| 100 | 1 | _aرضا، علاء الدين علي | |
| 245 | 1 | 0 | _aنهاية الإغتباط بمن رمي من الرواة بالاختلاط / |
| 264 | 1 |
_aالقاهرة : _bدار المعرفة، _c1988. |
|
| 300 | _a395 ص | ||
| 650 | 1 | 7 | _aعلوم الحديث |
| 650 | 1 | 7 | _aرواة الحديث |
| 942 |
_2ddc _cREF |
||
| 999 |
_c85094 _d85094 |
||